Guess the 1970s song lyrics #97 - Statistics

General Stats
  • This quiz has been taken 21 times
  • The average score is 127 of 166
Answer Stats
Answer % Correct
a
100%
I
100%
The
100%
the
100%
and
94%
And
94%
in
94%
that
94%
That
94%
to
94%
To
94%
you
94%
be
88%
by
88%
could
88%
do
88%
for
88%
If
88%
Is
88%
want
88%
bottle
81%
go
81%
how
81%
like
81%
of
81%
them
81%
then
81%
thing
81%
time
81%
with
81%
But
75%
day
75%
I'd
75%
I've
75%
know
75%
one
75%
there
75%
They
75%
things
75%
were
75%
would
75%
you're
75%
around
69%
come
69%
every
69%
first
69%
had
69%
Just
69%
just
69%
last
69%
never
69%
spend
69%
through
69%
days
63%
make
63%
seems
63%
true
63%
wishes
63%
away
56%
dreams
56%
enough
56%
forever
56%
save
56%
Again
50%
find
50%
once
50%
eternity
44%
empty
38%
except
38%
looked
38%
passes
38%
treasure
38%
answered
31%
box
31%
memory
31%
till
31%
words
31%
No matching quizzes found
Score Distribution
Percent of People with Each Score
Percentile by Number Answered
Your Score History
You have not taken this quiz